[Event "SVK-chT 1213"]
[Site "Slovakia"]
[Date "2012.10.28"]
[Round "2.3"]
[White "Skara, Vladimir"]
[Black "Kubala, Jan"]
[Result "1-0"]
[WhiteElo "2222"]
[BlackElo "2230"]
[PlyCount "123"]
[EventDate "2012.10.27"]
[EventType "team-tourn"]
[EventRounds "11"]
[EventCountry "SVK"]
[SourceTitle "EXT 2013"]
[Source "ChessBase"]
[SourceDate "2012.11.22"]
[SourceVersion "1"]
[SourceVersionDate "2012.11.22"]
[SourceQuality "1"]
[WhiteTeam "Modra"]
[BlackTeam "Trencin"]
[WhiteTeamCountry "SVK"]
[BlackTeamCountry "SVK"]

1. e4 e6 2. d4 d5 3. Nc3 Nf6 4. Bg5 Be7 5. e5 Nfd7 6. h4 h6 7. Bxe7 Qxe7 8. Qg4 0-0 9. 0-0-0 c5 10. f4 Nc6 11. Nf3 f6 12. Bd3 f5 13. Qg6 Qf7 14. Qxf7+ Rxf7 15. Nb5 Nb6 16. Nd6 Rc7 17. dxc5 Na4 18. c3 Nxc5 19. Kb1 Nxd3 20. Rxd3 b6 21. h5 Ba6 22. Rd2 Rd8 23. Rg1 Re7 24. g4 fxg4 25. Rxg4 Kh7 26. b4 Bf1 27. b5 Na5 28. Nd4 Rf8 29. Rf2 Bd3+ 30. Kc1 Nc4 31. Nxc4 dxc4 32. Kd2 Rg8 33. Ke3 Ra8 34. Rfg2 Kh8 35. Rd2 Kg8 36. Nc6 Rd7 37. Rg1 Rf8 38. Nb4 Rf5 39. Rh2 Rff7 40. Rd1 Bf5 41. Rd6 Bg4 42. Rhd2 Rc7 43. Nc6 Rf5 44. Rxe6 Rxf4 45. Re8+ Rf8 46. Rxf8+ Kxf8 47. Rd8+ Kf7 48. Ra8 Bxh5 49. Rxa7 Rxa7 50. Nxa7 Bg4 51. a4 Ke7 52. a5 bxa5 53. Nc6+ Kd7 54. Nxa5 Be6 55. Kd4 h5 56. Nb7 h4 57. Nc5+ Ke7 58. b6 Bc8 59. Ke4 g5 60. b7 Bxb7+ 61. Nxb7 h3 62. Nd6 1-0

[Event "SVK-ch op-A"]
[Site "Banska Stiavnica"]
[Date "2012.07.11"]
[Round "5"]
[White "Jurcik, Marian"]
[Black "Skara, Vladimir"]
[Result "1-0"]
[WhiteElo "2492"]
[BlackElo "2216"]
[PlyCount "98"]
[EventDate "2012.07.07"]
[EventType "swiss"]
[EventRounds "9"]
[EventCountry "SVK"]
[SourceTitle "CBM 149 Extra"]
[Source "ChessBase"]
[SourceDate "2012.08.24"]
[SourceVersion "1"]
[SourceVersionDate "2012.08.24"]
[SourceQuality "1"]

1. Nf3 Nf6 2. c4 c5 3. Nc3 b6 4. e4 Bb7 5. e5 Ne4 6. Nb1 f6 7. d3 Ng5 8. Nxg5 fxg5 9. Bxg5 Qc7 10. f4 Nc6 11. Qd2 h6 12. Bh4 g5 13. fxg5 hxg5 14. Bg3 0-0-0 15. Nc3 Nd4 16. Nb5 Nxb5 17. cxb5 Bd5 18. 0-0-0 Bxa2 19. Qc3 Be6 20. Be2 Bg7 21. Bf3 g4 22. Be4 Rh5 23. Rhe1 Kb8 24. d4 cxd4 25. Qxc7+ Kxc7 26. Bg6 Rg5 27. Bc2 Bh6 28. Rxd4 Rc8 29. Kb1 Kd8 30. Bf4 Rxc2 31. Kxc2 Rh5 32. Bg3 Kc7 33. Ra4 Kb7 34. Rea1 a5 35. bxa6+ Ka7 36. Rf1 Bg7 37. Re1 Rh8 38. Kb1 Rc8 39. Ra3 Bf5+ 40. Ka1 Rc2 41. Bf4 d6 42. h3 gxh3 43. gxh3 Be6 44. Rc1 Rxc1+ 45. Bxc1 Bxe5 46. Bg5 Bc4 47. Bxe7 Bxa6 48. h4 Kb7 49. h5 Kc6 1-0

[Event "SVK-ch op-A"]
[Site "Banska Stiavnica"]
[Date "2012.07.10"]
[Round "4"]
[White "Skara, Vladimir"]
[Black "Chovan, Milan"]
[Result "1-0"]
[WhiteElo "2216"]
[BlackElo "1739"]
[PlyCount "97"]
[EventDate "2012.07.07"]
[EventType "swiss"]
[EventRounds "9"]
[EventCountry "SVK"]
[SourceTitle "CBM 149 Extra"]
[Source "ChessBase"]
[SourceDate "2012.08.24"]
[SourceVersion "1"]
[SourceVersionDate "2012.08.24"]
[SourceQuality "1"]

1. e4 e5 2. Nf3 Nc6 3. Bb5 a6 4. Ba4 Nf6 5. 0-0 Be7 6. Re1 b5 7. Bb3 d6 8. c3 0-0 9. h3 Bb7 10. d4 Re8 11. Nbd2 Bf8 12. Bc2 g6 13. d5 Nb8 14. Nf1 c6 15. dxc6 Nxc6 16. a4 Bg7 17. Ng3 d5 18. axb5 axb5 19. Rxa8 Bxa8 20. Qe2 dxe4 21. Ng5 h6 22. N5xe4 Nxe4 23. Nxe4 b4 24. Rd1 Qc7 25. Bb3 Rd8 26. Rxd8+ Nxd8 27. Bc4 Qc6 28. f3 bxc3 29. bxc3 Qb6+ 30. Kh2 Kh7 31. Be3 Qc7 32. Qa2 Bb7 33. Qb3 f5 34. Bb6 Qc6 35. Nc5 Bc8 36. Bd5 Qe8 37. Bc7 Bd7 38. Qb8 Nc6 39. Qb7 Ne7 40. c4 Bc6 41. Qb3 Qa8 42. Bf7 e4 43. fxe4 Bxe4 44. Qg3 Qf8 45. Be6 Qf6 46. Qd6 Bf8 47. Nd7 Qg5 48. Nxf8+ Kg7 49. Qd4+ 1-0

[Event "SVK-ch op-A"]
[Site "Banska Stiavnica"]
[Date "2012.07.08"]
[Round "2"]
[White "Bango, Lukas"]
[Black "Skara, Vladimir"]
[Result "0-1"]
[WhiteElo "1753"]
[BlackElo "2216"]
[PlyCount "72"]
[EventDate "2012.07.07"]
[EventType "swiss"]
[EventRounds "9"]
[EventCountry "SVK"]
[SourceTitle "CBM 149 Extra"]
[Source "ChessBase"]
[SourceDate "2012.08.24"]
[SourceVersion "1"]
[SourceVersionDate "2012.08.24"]
[SourceQuality "1"]

1. c4 Nf6 2. Nc3 c5 3. g3 e6 4. e4 d6 5. Bg2 Be7 6. Nge2 a6 7. 0-0 0-0 8. d4 cxd4 9. Nxd4 Qc7 10. Qd3 Nbd7 11. f4 Rb8 12. Be3 b6 13. b3 Bb7 14. Rae1 Rbc8 15. Bd2 Rfe8 16. h3 Nc5 17. Qc2 Ncd7 18. g4 b5 19. cxb5 axb5 20. Qd3 Nc5 21. Qg3 b4 22. Ncb5 Qa5 23. a3 Nfxe4 24. Bxe4 Nxe4 25. Qd3 Nxd2 26. Qxd2 e5 27. axb4 Qb6 28. fxe5 dxe5 29. Rxe5 Bf6 30. Rxe8+ Rxe8 31. Qf2 h6 32. Kh2 Ba6 33. Qf5 Be5+ 34. Kg2 Bb7+ 35. Kf2 Bxd4+ 36. Kg3 Be5+ 0-1